Normal view
MARC view
- زعبلاوي،عصام وآخرون/كنعان،طاهرم.مشارك/بدران،عدنان م.مشارك/طوقان،خالد م.مشارك/محمد،حمدان مراجع ومقدم
Entry Personal Name
001 - CONTROL NUMBER
- control field: 22278
003 - CONTROL NUMBER IDENTIFIER
- control field: JO-AjAnu
005 - DATE AND TIME OF LATEST TRANSACTION
- control field: 20230606073840.0
008 - FIXED-LENGTH DATA ELEMENTS
- fixed length control field: 230606|| aca||aabn | a|a d
040 ## - CATALOGING SOURCE
- Original cataloging agency: JO-AjAnu
- Transcribing agency: JO-AjAnu
100 ## - HEADING--PERSONAL NAME
- Personal name: زعبلاوي،عصام وآخرون/كنعان،طاهرم.مشارك/بدران،عدنان م.مشارك/طوقان،خالد م.مشارك/محمد،حمدان مراجع ومقدم
670 ## - SOURCE DATA FOUND
- Source citation: Work cat.: (JO-AjAnu)11448: زعبلاوي،عصام وآخرون/كنعان،طاهرم.مشارك/بدران،عدنان م.مشارك/طوقان،خالد م.مشارك/محمد،حمدان مراجع ومقدم, author, إستراتيجية التعليم العالي في الأردن